01010nam a2200241Ia 450000100060000000300090000600800410001504000130005604000130006904100130008210000200009510000290011524501170014424501170026125000110037826000090038926000120039826000490041030000430045950002150050265000200071765000310073713424IT-RoPAU130308s9999 xx 000 0 und d aIT-RoPAU cIT-RoPAU aITALIANO aAssante Ernesto gCodice Aut. SPICS: 9761 aReggae-Da Bob Marley ai Police, da Kingston a Londra storia e protagonisti della rivoluzione music le giamaicana bReggae-Da Bob Marley Ai Police, da Kingston a Londra storia e protagonisti della Rivoluzione Musicale Giamaicana a1a ed. aROMA bSavelli c1980 [1° Ed.:1980 - Ed.Ling.Originale:1980] a"128 p. (prefazione: no ; testo: 128)" aMusica e Religione Rasta Musica Giamaicana Musica e Schiavitu' Bob Marley Peter tosh Bunny Livingston (Wailer) Fratellanza Rastafari Jimmy Cliff Reggae e Industria Reggae e Rock Autori Reggae Discografia Reggae aGENERI MUSICALI eCodice materia Spics: 7010